| 000 | 00708nam a2200181Ia 4500 | ||
|---|---|---|---|
| 001 | 12651 | ||
| 003 | GE_BSU | ||
| 008 | 181216s||||||||xx |||||||||||||| ||und|| | ||
| 040 | _cGE_BSU | ||
| 080 | _a634.1/8 | ||
| 245 | _aСборник научных работ. вып.24 (Технология,организация и механизация интенсивного садоводства) | ||
| 260 | _aМичуринск | ||
| 260 | _c1977 | ||
| 300 | _a142стр.22см. | ||
| 300 | _eТаблицы | ||
| 653 | _aСборник научных работ. вып.24 (Технология,организация и механизация интенсивного садоводства) | ||
| 942 | _cBK | ||
| 999 |
_c45822 _d45822 |
||